Physiology Demystified / (Record no. 15331)
[ view plain ]
| 000 -LEADER | |
|---|---|
| fixed length control field | 01532cam a22003617a 4500 |
| 001 - CONTROL NUMBER | |
| control field | 13673947 |
| 005 - DATE AND TIME OF LATEST TRANSACTION | |
| control field | 20061219145813.0 |
| 008 - FIXED-LENGTH DATA ELEMENTS--GENERAL INFORMATION | |
| fixed length control field | 040803s2004 nyua 001 0 eng d |
| 010 ## - LIBRARY OF CONGRESS CONTROL NUMBER | |
| LC control number | 2004301775 |
| 020 ## - INTERNATIONAL STANDARD BOOK NUMBER | |
| International Standard Book Number | 0071438289 (pbk.) |
| 020 ## - INTERNATIONAL STANDARD BOOK NUMBER | |
| International Standard Book Number | 9780071438285 (pbk.) |
| 035 ## - SYSTEM CONTROL NUMBER | |
| System control number | (OCoLC)ocm55983652 |
| 040 ## - CATALOGING SOURCE | |
| Original cataloging agency | KTP |
| Transcribing agency | KTP |
| Modifying agency | DLC |
| 042 ## - AUTHENTICATION CODE | |
| Authentication code | lccopycat |
| 082 00 - DEWEY DECIMAL CLASSIFICATION NUMBER | |
| Classification number | 612 |
| Edition number | 22 |
| Item number | LAY |
| 100 1# - MAIN ENTRY--PERSONAL NAME | |
| Personal name | Layman, Dale Pierre. |
| 9 (RLIN) | 23943 |
| 245 10 - TITLE STATEMENT | |
| Title | Physiology Demystified / |
| Statement of responsibility, etc | Dale Pierre Layman. |
| 260 ## - PUBLICATION, DISTRIBUTION, ETC. (IMPRINT) | |
| Place of publication, distribution, etc | New York : |
| Name of publisher, distributor, etc | McGraw-Hill, 2004 |
| Date of publication, distribution, etc | c2004. |
| 300 ## - PHYSICAL DESCRIPTION | |
| Extent | xvii 411 p. : |
| Other physical details | ill. ; |
| Dimensions | 23 cm. |
| 490 1# - Series Statement | |
| Series statement | Demystified series |
| -- | 23944 |
| 500 ## - GENERAL NOTE | |
| General note | "A self-teaching guide"--Cover. |
| 500 ## - GENERAL NOTE | |
| General note | Includes index. |
| 541 ## - IMMEDIATE SOURCE OF ACQUISITION NOTE | |
| Source of acquisition | Dr. Shahrazad ; |
| 650 #0 - SUBJECT ADDED ENTRY--TOPICAL TERM | |
| Topical term or geographic name as entry element | Human physiology |
| Form subdivision | Programmed instruction. |
| 9 (RLIN) | 23945 |
| 653 ## - INDEX TERM--UNCONTROLLED | |
| Uncontrolled term | Nursing |
| Resource For college | |
| Arrived date list | May2011 |
| 830 #0 - SERIES ADDED ENTRY--UNIFORM TITLE | |
| Uniform title | McGraw-Hill "Demystified" series. |
| 9 (RLIN) | 23946 |
| 856 42 - ELECTRONIC LOCATION AND ACCESS | |
| Materials specified | Contributor biographical information |
| Uniform Resource Identifier | <a href="http://www.loc.gov/catdir/bios/mh051/2004301775.html">http://www.loc.gov/catdir/bios/mh051/2004301775.html</a> |
| 856 41 - ELECTRONIC LOCATION AND ACCESS | |
| Materials specified | Table of contents |
| Uniform Resource Identifier | <a href="http://www.loc.gov/catdir/toc/mh051/2004301775.html">http://www.loc.gov/catdir/toc/mh051/2004301775.html</a> |
| 856 42 - ELECTRONIC LOCATION AND ACCESS | |
| Materials specified | Publisher description |
| Uniform Resource Identifier | <a href="http://www.loc.gov/catdir/enhancements/fy0704/2004301775-d.html">http://www.loc.gov/catdir/enhancements/fy0704/2004301775-d.html</a> |
| 942 ## - ADDED ENTRY ELEMENTS (KOHA) | |
| Source of classification or shelving scheme | Dewey Decimal Classification |
| Item type | |
| Withdrawn status | Item status | Source of classification or shelving scheme | Damaged status | Not for loan | Vendor | Home library | Current library | Shelving location | Date acquired | Source of acquisition | Total Checkouts | Total Renewals | Full call number | Barcode | Date last seen | Date last borrowed | Koha item type |
|---|---|---|---|---|---|---|---|---|---|---|---|---|---|---|---|---|---|
| Dewey Decimal Classification | Donation-Gift | Central Library | Central Library | First floor | 19/05/2011 | Donation | 8 | 22 | 612 LAY | 000023206 | 15/07/2025 | 11/05/2022 | Book - Borrowing |